[Event "Curitiba Sul Region-ch"]
[Site "Curitiba"]
[Date "2017.04.15"]
[Round "4"]
[White "Santos, Renan de Souza"]
[Black "Silva, Rebeca Evelin Heuko"]
[Result "1-0"]
[WhiteElo "1576"]
[BlackElo "1800"]
[PlyCount "53"]
[EventDate "2017.04.14"]
[EventType "swiss"]
[EventRounds "6"]
[EventCountry "BRA"]
[SourceTitle "CBM 178 Extra"]
[Source "ChessBase"]
[SourceDate "2017.06.22"]
[SourceVersion "1"]
[SourceVersionDate "2017.06.22"]
[SourceQuality "1"]

1. c4 c5 2. Nc3 e5 3. Nf3 Nc6 4. g3 Nf6 5. Bg2 g6 6. 0-0 Bg7 7. e3 0-0 8. b3 d6 9. Bb2 Be6 10. d4 cxd4 11. exd4 exd4 12. Nxd4 Bg4 13. Qd2 Qd7 14. Ndb5 Ne8 15. Ne4 Bxb2 16. Qxb2 Ne5 17. f4 a6 18. Nbxd6 Qe6 19. fxe5 f5 20. Nxe8 fxe4 21. Rxf8+ Kxf8 22. Nf6 e3 23. Bd5 Qf5 24. Qa3+ Kg7 25. Qe7+ Kh6 26. Qxh7+ Kg5 27. Qh4# 1-0